| 000 | 01644nam a22002417a 4500 | ||
|---|---|---|---|
| 999 |
_c58773 _d58773 |
||
| 003 | Ge_BSU | ||
| 005 | 20220721123533.0 | ||
| 008 | 220721s2018ge xxu||||| |||| 00| 0 geo d | ||
| 020 | _a9789941254642 | ||
| 041 | _ageo | ||
| 080 | _a821.353.1.09-31 ძ-70 | ||
| 100 |
_aძნელაძე, სოფიკო. _914458 |
||
| 245 |
_aპოსტმოდერნისტული ტენდენციები თანამედროვე ქართულ რომანში =The postmodernist trends in the modern georgian novel / _bსოფიკო ძნელაძე ; რედ. თამარ პაიჭაძე. |
||
| 264 |
_aთბილისი : _bმერიდიანი, _c 2018. |
||
| 300 |
_a280 გვ. ; _c20 სმ. |
||
| 504 | _aბიბლიოგრაფია: გვ. 268-278. | ||
| 520 | _aრეზიუმე ინგლისურ ენაზე. | ||
| 653 | _aლიტერატურის ისტორია და კრიტიკა -- ქართული პროზა | ||
| 653 | _aპოსტმოდერნიზმი ლიტერატურაში. | ||
| 700 |
_aპაიჭაძე, თამარ _eრედაქტორი _95669 |
||
| 710 |
_aივანე ჯავახიშვილის სახელობის თბილისის სახელმწიფო უნივერსიტეტი, ჰუმანიტარულ მეცნიერებათა ფაკულტეტი, ქართული ლიტერატურის ინსტიტუტი _914459 |
||
| 942 |
_2udc _cBK |
||